1410 1984 1333 1046 1649 1015 1764 1355 1125 1729 1348 1419 1977 1091 1990 1004 1977 1727 1877 1321 1469 1853 1258 1432 1250 1524 1196 1667 1891 1120 1254 1280 1113 1541 1779 1516 1198 1481 1577 1841 1073 1427 1307 1442 1852 1077 1689 1338 1364 1793 1742 1391 1679 1397 1785 1083 1601 1127 1605 1106 1132 1563 1542 1623 1780 1048 1726 1461 1311 1660 1095 1954 1254 1605 1651 1315 1897 1604 1779 1344 1644 1079 1833 1773 1398 1240 1175 1190 1275 1288 1507 1709 1481 1843 1540 1817 1581 1552 1436 BCNSPRNW ULIB Ver.6.0+V

เปลี่ยนเป็นภาษาไทย

Change to English
 แสดงรายละเอียดบรรณานุกรม
  กลับหน้าหลัก

Brief Record : Get Marc (ISO 2709) : E-mail record : QR code < ปิดหน้าต่าง
LEADER : 00000nam 2200000uu 4500
001    13399111894
003     ULIB
008    110711s2544||||th 000 0 tha d
020    9747383004
050 04 DS589.B2^bพ721ภ 2544
100 0  พิพัฒน์ พงศ์รพีพร
245 10 ภาพมุมกว้างของกรุงเทพมหานคร ในสมัยรัชกาลที่ 4 : การค้นพบใหม่ /^cพิพัฒน์ พงศ์รพีพร
260    กรุงเทพฯ :^bเมืองโบราณ,^c2544
300    159 หน้า :^bภาพประกอบ
650  7 ไทย^xอารยธรรม
650  7 เมืองโบราณ^xไทย
945    ^p0^l0^i015968
995    ทศพร
999 ^a ใช้งานได้ทุกระบบ
รายการนี้ยังไม่มีแท็ก
คุณยังไม่ได้ล็อกอิน คุณสามารถมีกิจกรรมร่วมกับเว็บไซต์ได้ แต่ต้องล็อกอินก่อน ::
  ล็อกอิน

รายการสื่อสารสนเทศ

ลำดับที่ ประเภท เลขเรียก/บาร์โค้ด สถานที่ สถานะ
- ไม่พบข้อมูล -

BibComment


ยังไม่เคยถูกคอมเมนท์

คอมเมนท์ทรัพยากรรายการนี้
  คอมเมนท์: ภาพมุมกว้างของกรุ..


 Copyright 2026. Bcnsprnw @Library